| 000 | 00000nam 2200000zi 4500 |
| 001 | 9.944808 |
| 003 | CaOODSP |
| 005 | 20250129094512 |
| 006 | m o d f |
| 007 | cr |n||||||||| |
| 008 | 241104e202412 onc ob f100 0 fre d |
| 020 | |a9780660743226 |
| 040 | |aCaOODSP|bfre|erda|cCaOODSP |
| 043 | |an-cn-nf |
| 086 | 1 |aFs70-4/2024-048F-PDF |
| 245 | 00|aCompte rendu de l'examen régional par les pairs sur la détermination des sites de référence et d'une approche de surveillance pour la zone de protection marine du chenal Laurentien : |bdates de la réunion, du 22 au 24 juin 2022 : endroit, St. John’s (T.-N.-L.) / |cprésidents, Nadine Wells et Neil Ollerhead ; rapporteur, Christina Pretty. |
| 264 | 1|aOttawa (Ontario) : |bSecrétariat canadien de consultation scientifique (SCCS), |cdécembre 2024. |
| 264 | 4|c©2024 |
| 300 | |a1 ressource en ligne (v, 39 pages). |
| 336 | |atexte|btxt|2rdacontent/fre |
| 337 | |ainformatique|bc|2rdamedia/fre |
| 338 | |aressource en ligne|bcr|2rdacarrier/fre |
| 490 | 1 |aCompte rendu, |x2292-4264 ; |v2024/048 |
| 500 | |aPublié aussi en anglais sous le titre : Proceedings of the regional peer review of the identification of reference sites and a scientific monitoring approach for the Laurentian Channel Marine Protected Area : meeting dates, June 22–24, 2022 : location, St. John’s, NL. |
| 504 | |aComprend des références bibliographiques. |
| 650 | 6|aParcs marins|zLaurentien, Chenal (N.-É. et T.-N.-L.)|vCongrès. |
| 650 | 6|aEnvironnement|xSurveillance|zLaurentien, Chenal (N.-É. et T.-N.-L.)|vCongrès. |
| 655 | 7|aActes de congrès|2rvmgf |
| 700 | 1 |aWells, N. J. |
| 710 | 2 |aSecrétariat canadien de consultation scientifique, |eorganisme de publication. |
| 710 | 1 |aCanada. |bMinistère des pêches et des océans. |bRégion de Terre-Neuve et du Labrador, |eorganisme de publication. |
| 775 | 08|tProceedings of the regional peer review of the identification of reference sites and a scientific monitoring approach for the Laurentian Channel Marine Protected Area : |w(CaOODSP)9.944807 |
| 830 | #0|aCompte rendu (Secrétariat canadien de consultation scientifique)|v2024/048.|w(CaOODSP)9.502879 |
| 856 | 40|qPDF|s540 Ko|uhttps://publications.gc.ca/collections/collection_2025/mpo-dfo/fs70-4/Fs70-4-2024-048-fra.pdf |